书目信息 |
| 题名: |
机械设备故障诊断技术
|
|
| 作者: | 王全先 主编 | |
| 分册: | ||
| 出版信息: | 武汉 华中科技大学出版社 2013 |
|
| 页数: | 153页 | |
| 开本: | 26cm | |
| 丛书名: | 全国普通高等学校机械类“十二五”规划系列教材 | |
| 单 册: | ||
| 中图分类: | TH17 | |
| 科图分类: | ||
| 主题词: | 机械设备--ji xie she bei--故障诊断--高等学校--教材 | |
| 电子资源: | ||
| ISBN: | 978-7-5609-9324-9 | |
| 000 | 01077nam 2200277 45 | |
| 001 | 012001001241 | |
| 005 | 20131107171314.0 | |
| 010 | @a978-7-5609-9324-9@dCNY28.00 | |
| 099 | @aCAL 012013117980 | |
| 100 | @a20131014d2013 em y0chiy50 ea | |
| 101 | 0 | @achi |
| 102 | @aCN@b420000 | |
| 105 | @aak a 000yy | |
| 106 | @ar | |
| 200 | 1 | @a机械设备故障诊断技术@Aji xie she bei gu zhang zhen duan ji shu@f主编王全先 |
| 210 | @a武汉@c华中科技大学出版社@d2013 | |
| 215 | @a153页@c图@d26cm | |
| 225 | 2 | @a全国普通高等学校机械类“十二五”规划系列教材@Aquan guo pu tong gao deng xue xiao ji xie lei “ shi er wu ” gui hua xi lie jiao cai |
| 320 | @a有书目 | |
| 330 | @a本书较全面地介绍了机械设备故障诊断技术的基本原理和基本方法, 涉及振动信号测试与检测技术、红外测温技术、油液分析技术、无损检测技术等。 | |
| 410 | 0 | @12001@a全国普通高等学校机械类“十二五”规划系列教材 |
| 606 | 0 | @a机械设备@Aji xie she bei@x故障诊断@x高等学校@j教材 |
| 690 | @aTH17@v5 | |
| 701 | 0 | @a王全先@Awang quan xian@4主编 |
| 801 | 0 | @aCN@b北京卓展@c20191020 |
| 905 | @b1197837-40@dTH17@e27@f4 | |
| 机械设备故障诊断技术/主编王全先.-武汉:华中科技大学出版社,2013 |
| 153页:图;26cm.-(全国普通高等学校机械类“十二五”规划系列教材) |
| ISBN 978-7-5609-9324-9:CNY28.00 |
| 本书较全面地介绍了机械设备故障诊断技术的基本原理和基本方法, 涉及振动信号测试与检测技术、红外测温技术、油液分析技术、无损检测技术等。 |
| ● |
| 相关链接 |
|
|
|
|
正题名:机械设备故障诊断技术
索取号:TH17/27
 
预约/预借
| 序号 | 登录号 | 条形码 | 馆藏地/架位号 | 状态 | 备注 |
| 1 | 1197837 | 211978378 | 第二样本阅览室/ [索取号:TH17/27] | 在馆 | |
| 2 | 1197838 | 211978387 | 第三借阅区/ [索取号:TH17/27] | 在馆 | |
| 3 | 1197839 | 211978396 | 第三借阅区/ [索取号:TH17/27] | 在馆 | |
| 4 | 1197840 | 211978403 | 第三借阅区/ [索取号:TH17/27] | 在馆 |